000 00869cam a2200217 a 4500
001 000007444
005 20200929154155.0
008 910827s1989 cu a 000 0dspa
040 _aDO-SdBNP
_cDLC
082 _aCu866.44
_bR696m
100 1 _aRodriguez Feo, José,
_d1920-
_920692
245 1 0 _aMi correspondencia con Lezama Lima /
_cJosé Rodriguez Feo.
260 _aEl Vedado, Ciudad de La Habana :
_bUnión de Escritores y Artistas de Cuba,
_cc1989.
300 _a143 p. :
_bil. ;
_c23 cm.
600 1 0 _aLezama Lima, José
_vCORRESPONDENCIA, MEMORIAS, ETC.
_920693
600 1 0 _aRodriguez Feo, José
_vCORRESPONDENCIA, MEMORIAS, ETC.
_920694
650 4 _aAutores cubanos
_ySIGLO XX
_vCORRESPONDENCIA, MEMORIAS, ETC.
_920695
650 4 _aLiteratura cubana
_ySIGLO XX
_vCORRESPONDENCIA, MEMORIAS, ETC.
_920696
910 _aCatalogación por copia / LC
049 _aBNGR
999 _c7225
_d7225